000 00319nam a22001337a 4500
020 _a978-93-85916-10-6
082 _a894.812.3
_bKAN/J
100 _aKANAKARAGHAVAN
245 _aJACKUM BEANSTALKUM MATTU KATHAKALUM
260 _aTHRISSUR
_bH&C PUBLISHING HOUSE
300 _a144
650 _aSTORY
_zKERALA
942 _cBK
999 _c6940
_d6940